书目信息 |
| 题名: |
反说曾国藩
|
|
| 作者: | 史浩 编著 | |
| 分册: | ||
| 出版信息: | 北京 中国华侨出版社 2004.7 |
|
| 页数: | 303页 | |
| 开本: | 21cm | |
| 丛书名: | ||
| 单 册: | ||
| 中图分类: | K827=52 | |
| 科图分类: | ||
| 主题词: | ||
| 电子资源: | ||
| ISBN: | 7-80120-832-3 | |
| 000 | 00631nam0 2200217 45 | |
| 001 | 012004000000 | |
| 005 | 20041109145739.44 | |
| 010 | @a7-80120-832-3@dCNY 30.00 | |
| 100 | @a20040913d2004 em y0chiy0121 ea | |
| 101 | 0 | @achi |
| 102 | @aCN@b110000 | |
| 105 | @aa z 000yy | |
| 200 | 1 | @a反说曾国藩@Afan shuo zeng guo fan@e告诉你一个真实的曾国藩@f史浩编著 |
| 210 | @a北京@c中国华侨出版社@d2004.7 | |
| 215 | @a303页@c图@d21cm | |
| 517 | 1 | @a告诉你一个真实的曾国藩 |
| 600 | 0 | @a曾国藩@f1811-1872@x人物研究 |
| 690 | @aK827=52@v4 | |
| 701 | 0 | @a史浩@Ashi hao@4编著 |
| 801 | 0 | @aCN@bQSSKm@c20041109 |
| 905 | @a10447@dK827=52@eS579 | |
| 反说曾国藩:告诉你一个真实的曾国藩/史浩编著.-北京:中国华侨出版社,2004.7 |
| 303页:图;21cm |
| ISBN 7-80120-832-3:CNY 30.00 |
| ● |
| 相关链接 |
|
|
|
正题名:反说曾国藩
索取号:K827=52/S579
 
预约/预借
| 序号 | 登录号 | 条形码 | 馆藏地/架位号 | 状态 | 备注 |
| 1 | 426166 | 204261663 | 社科库309/309社科库 58排4列4层/ [索取号:K827=52/S579] | 在馆 | |
| 2 | 426167 | 204261672 | 社科库309/309社科库 58排4列4层/ [索取号:K827=52/S579] | 在馆 | |
| 3 | 426168 | 204261681 | 社科库309/422社科库 18排2列3层/ [索取号:K827=52/S579] | 在馆 |